Neural predictor-based low switching frequency FCS-MPC for MMC with online weighting factors tuning / (Record no. 19005)
[ view plain ]
| 000 -LEADER | |
|---|---|
| fixed length control field | 01044nam a22002297a 4500 |
| 005 - DATE AND TIME OF LATEST TRANSACTION | |
| control field | 20250911174901.0 |
| 008 - FIXED-LENGTH DATA ELEMENTS--GENERAL INFORMATION | |
| fixed length control field | 240208b ||||| |||| 00| 0 eng d |
| 082 ## - DEWEY DECIMAL CLASSIFICATION NUMBER | |
| Classification number | DPer 621.381 In821 April 2022 v. 37 n. 4 |
| 100 ## - MAIN ENTRY--PERSONAL NAME | |
| Personal name | Liu, Xing. |
| Relator term | author. |
| 9 (RLIN) | 51874 |
| 245 ## - TITLE STATEMENT | |
| Title | Neural predictor-based low switching frequency FCS-MPC for MMC with online weighting factors tuning / |
| Statement of responsibility, etc. | Xing Liu, Lin Qiu, Wenjie Wu, Jien Ma, Youtong Fang, Zhouhua Peng, and Dan Wang. |
| 260 ## - PUBLICATION, DISTRIBUTION, ETC. (IMPRINT) | |
| Place of publication, distribution, etc. | New York ; |
| Name of publisher, distributor, etc. | The Institute of Electrical and Electronics Engineers, Inc. , |
| Date of publication, distribution, etc. | April 2022. |
| 300 ## - PHYSICAL DESCRIPTION | |
| Extent | Volume 37, pages 4065-4079 : |
| Other physical details | illustration ; |
| Dimensions | 28 cm. |
| 500 ## - GENERAL NOTE | |
| General note | IEEE Transaction on Power Electronics, vol. 37, no. 4, pages 4065-4079, April 2022. |
| 700 ## - ADDED ENTRY--PERSONAL NAME | |
| Personal name | Liu, Xing. |
| Relator term | author. |
| 9 (RLIN) | 51874 |
| 700 ## - ADDED ENTRY--PERSONAL NAME | |
| Personal name | Qiu, Lin. |
| Relator term | author. |
| 9 (RLIN) | 51875 |
| 700 ## - ADDED ENTRY--PERSONAL NAME | |
| Personal name | Wu, Wenjie. |
| Relator term | author. |
| 9 (RLIN) | 51876 |
| 700 ## - ADDED ENTRY--PERSONAL NAME | |
| Personal name | Ma, Jien. |
| Relator term | author. |
| 9 (RLIN) | 51877 |
| 700 ## - ADDED ENTRY--PERSONAL NAME | |
| Personal name | Fang, Youtong. |
| Relator term | author. |
| 9 (RLIN) | 51878 |
| 700 ## - ADDED ENTRY--PERSONAL NAME | |
| Personal name | Peng, Zhouhua. |
| Relator term | author. |
| 9 (RLIN) | 51879 |
| 700 ## - ADDED ENTRY--PERSONAL NAME | |
| Personal name | Wang, Dan. |
| Relator term | author. |
| 9 (RLIN) | 51880 |
| 942 ## - ADDED ENTRY ELEMENTS (KOHA) | |
| Source of classification or shelving scheme | Dewey Decimal Classification |
| Koha item type | Periodicals |
| Withdrawn status | Lost status | Source of classification or shelving scheme | Damaged status | Not for loan | Collection code | Home library | Current library | Date acquired | Total Checkouts | Full call number | Date last seen | Price effective from | Koha item type | Public note |
|---|---|---|---|---|---|---|---|---|---|---|---|---|---|---|
| Dewey Decimal Classification | Periodicals | UM Digos College - LIC | UM Digos College - LIC | 02/08/2024 | DPer 621.381 In821 April 2022 v. 37 n. 4 | 02/08/2024 | 02/08/2024 | Periodicals | Periodical Article |
